INTRODUCTION TO THE COMPUTER: AN INTEGRATIVE APPROACH (Record no. 62732)

MARC details
000 -LEADER
fixed length control field 00580nam a2200193Ia 4500
003 - CONTROL NUMBER IDENTIFIER
control field OSt
005 - DATE AND TIME OF LATEST TRANSACTION
control field 20250912104606.0
020 ## - INTERNATIONAL STANDARD BOOK NUMBER
International Standard Book Number 0-13-480301-9
040 ## - CATALOGING SOURCE
Transcribing agency LC
050 ## - LIBRARY OF CONGRESS CALL NUMBER
Classification number QA 76 .F73 1980
Item number 1
100 ## - MAIN ENTRY--PERSONAL NAME
Personal name FRATES, JEFFREY
245 #0 - TITLE STATEMENT
Title INTRODUCTION TO THE COMPUTER: AN INTEGRATIVE APPROACH
260 ## - PUBLICATION, DISTRIBUTION, ETC.
Place of publication, distribution, etc. NEW JERSEY,
Name of publisher, distributor, etc. PRENTICE-HALL INC.,
Date of publication, distribution, etc. 1980,
300 ## - PHYSICAL DESCRIPTION
Extent XXV, 449 P, ILL
500 ## - GENERAL NOTE
General note INCLUDES BIBLIOGRAPHICAL REFERENCES AND INDEX
650 ## - SUBJECT ADDED ENTRY--TOPICAL TERM
Topical term or geographic name entry element Computers, Electronic digital computers, Electronic data processing
700 ## - ADDED ENTRY--PERSONAL NAME
Personal name MOLDRUP WILLIAM,
942 ## - ADDED ENTRY ELEMENTS (KOHA)
Koha item type Long Loan Book
Source of classification or shelving scheme Library of Congress Classification
Suppress in OPAC No
Holdings
Withdrawn status Lost status Source of classification or shelving scheme Damaged status Not for loan Collection Home library Current library Shelving location Date acquired Inventory number Total checkouts Full call number Barcode Date last seen Copy number Price effective from Koha item type
    Library of Congress Classification     Science & Technology Kisii University Library Kisii University Library On Display 09/15/2023 51592   QA 76 .F73 1980 000000015009 09/15/2023 1 09/15/2023 Long Loan Book